CSGO/CS2 Team Winners Cologne - Statistics

General Stats
  • This quiz has been taken 77 times
  • The average score is 8 of 10
Answer Stats
Year Winner % Correct
2024 Vitality
100%
2021 Navi
98%
2018 Navi
98%
2022 Faze Clan
96%
2015 Fnatic
91%
2023 G2 Esports
89%
2014 Ninjas In Pyjamas
87%
2019 Liquid
68%
2017 SK Gaming
47%
2016 SK Gaming
47%
No matching quizzes found
Score Distribution
Percent of People with Each Score
Percentile by Number Answered
Your Score History
You have not taken this quiz